01417cam a22003135i 4500999001700000003000900017005001700026008004100043017001400084040004600098041001300144082003000157100005900187245019100246264006800437300002900505336002600534337003500560338002900595504006300624546008700687650006000774650005200834651001000886653002900896700003900925942001200964952012700976 c15931d15931EG-ScBUE20200121104056.0200121s1984 ua g b 000 0 ara d a84 / 2731 aEG- ScBUEbaraerdacEG- ScBUEdEG- ScBUE1 aarahrus04a809.93356bإ ي ف2221 aإيفاشيفا، فالينتينا،eمؤلف.12aعلى مشارف القرن الواحد والعشرين :bالثورة التكنولوجية والأدب /cفالينتينا إيفاشيفا ؛ ترجمة فخرى لبيب. 1aالقاهرة :bدار الثقافة الجديدة،c1984. a278 صفحة ؛c24 سم aنصbtxt2rdacontent aبدون وسيطbn2rdamedia aمجلدbnc2rdacarrier aيشتمل على إرجاعات ببليوجرافية. aالنص باللغة العربية ؛ مترجم من اللغة الروسية. 7aالتكنولوجيا في الأدب.2BUEsh926939 7aالأدبxتاريخ ونقد2BUEsh915991 2BUEsh bARALITbGGENcAugust20111 aلبيب، فخري،eمترجم. 2ddccBB 00102ddc40708Alef-BaaaMAINbMAINc2NDd2011-08-28ePurchaseo809.93356 إ ي فp000024626r2025-07-15 00:00:00yBB